| 000 | 01150nam a22002777a 4500 | ||
|---|---|---|---|
| 005 | 20240530110507.0 | ||
| 008 | 151012s2010 ua |f b 000 0 ara d | ||
| 017 |
_a2965 _bمصر . دار الكتب المصرية |
||
| 020 | _a9789773143742 | ||
| 040 | _aEG-CaGPL | ||
| 082 | 0 | 4 |
_221 _a616.89142\ _bم ع |
| 100 | 0 | _aمحمد السيد عبدالرحمن | |
| 245 | 1 | 2 |
_aالعلاج السلوكى الحديث : _bاسسة و تطبيقاتة / _cمحمد السيد عبدالرحمن ، محمد محروس الشناوى |
| 250 | _aط1 | ||
| 260 |
_aالقاهرة : _bمكتبة زهراء الشرق ، _c2010 . |
||
| 300 |
_a407 ص ؛ _c24 سم . |
||
| 504 | _aيشتمل على ارجاعات ببليوجرافية | ||
| 650 | 0 | 4 | _aالعلاج السلوكى |
| 650 | 0 | 4 |
_aالعلاج السلوكى _xتطور |
| 650 | 0 | 4 |
_aالعلاج السلوكى _xخصائص |
| 650 | 0 | 4 |
_aالعلاج السلوكى _xاخلاقيات |
| 650 | 0 | 4 | _aالعلاج السلوكى المعرفى |
| 700 | 0 |
_aمحمد محروس الشناوى _dمؤلف مشارك |
|
| 942 |
_2ddc _cBK |
||
| 999 |
_c61583 _d61583 |
||